| 000 | 00821cgm a2200241 a 4500 | ||
|---|---|---|---|
| 005 | 20220316235759.0 | ||
| 008 | 090903s2009 ck --- g s vuspa | ||
| 041 | 0 | _aspa | |
| 082 | 0 | 4 |
_a637.356 _bH63q |
| 110 | 2 |
_aHogares Juveniles Campesinos _92547 |
|
| 245 | 1 | 0 |
_aQueso campesino pasteurizado _hvideograbación _bqueso molido _cHogares Juveniles Campesinos |
| 250 | _aPrimera edición | ||
| 300 | _a1 Videocasete | ||
| 650 | 1 | 4 |
_aQuesos _vVideocasetes _2LEMB |
| 650 | 1 | 4 |
_aIndustria lechera _vVideocasetes _2LEMB |
| 942 |
_2ddc _cVIDEOCASET |
||
| 990 |
_a2009-5916 _bHogares Juveniles Campesinos |
||
| 264 |
_aBogotá _bHogares Juveniles Campesinos _c2009 |
||
| 336 |
_atexto _btxt _2rdacontent |
||
| 337 |
_asin mediación _bn _2rdamedia |
||
| 338 |
_avolumen _bnc _2rdacarrier |
||
| 040 |
_aCO-BoRNBP _bspa _erda _cCO-BoRNBP |
||
| 999 |
_c2138 _d2138 |
||